00335nam a2200121Ia 4500008004100000100002300041245006900064260002900133300000900162650001700171942000800188999001700196190216s9999||||xx |||||||||||||| ||und|| aKrishna Nand Joshi 2aA Dictionary Of Mythological And Bibical Allusions In Literature bPrakash Book Depotc1979 a182p aDictionaries cREF c35486d35486